000
00261nam a22001217a 4500
008
180921b xxu||||| |||| 00| 0 eng d
041
_a
eng
080
_a
610
100
_a
3
101
_a
shm
245
_a
Code Of Medical Ethics
_c
JAMES.S
942
_2
udc
_c
BK
999
_c
48164
_d
48164